banner-ar

طب المرأة .. لغز محير : (Record no. 61014)

MARC details
000 -الفاتح
حقل البيانات ثابتة الطول 01055nam a22003017a 4500
005 - وقت وتاريخ اخر تعامل مع التسجيلة
رقم الضبط 20240530110439.0
008 - عناصر البيانات ثابتة الطول - معلومات عامة
حقل البيانات ثابتة الطول 150418s2010 ua g 000 0 ara d
017 ## - رقم الايداع القانونى
رقم الايداع القانونى 2010/4401
المصدر ( الهيئة المختصة) مصر . دار الكتب المصرية
020 ## - الرقم الدولى المعيارى للكتب
الرقم الدولى المعيارى للكتاب 9789772936363
040 ## - مصدر الفهرسة
وكالة الفهرسة الأصلية EG-CaGPL
082 04 - رقم تصنيف ديوى العشرى
رقم الطبعة 21
رقم التصنيف 618.1\
رقم المادة م ط
100 0# - المدخل الرئيسى - إسم شخصى
الإسم الشخصى محمد كامل عبدالصمد.
245 10 - بيان العنوان
العنوان طب المرأة .. لغز محير :
بقية العنوان امراض نسائية غامضة /
بيان المسئوليه,etc محمد كامل عبدالصمد .
250 ## - بيان الطبعة
بيان الطبعة ط1.
260 ## - PUBLICATION, DISTRIBUTION, ETC. (IMPRINT)
تاريخ النشر أو التوزيع 2010.
300 ## - الوصف المادى
التعداد 214 ص ؛
أبعاد الوعاء 24 سم.
650 04 - المدخل الاضافى بالموضوع-مصطلح موضوعى
مصطلح موضوعي النساء
التقسيم الفرعي العام امراض.
650 04 - المدخل الاضافى بالموضوع-مصطلح موضوعى
مصطلح موضوعي سرطان الرحم.
650 04 - المدخل الاضافى بالموضوع-مصطلح موضوعى
مصطلح موضوعي الضعف الجنسى.
650 04 - المدخل الاضافى بالموضوع-مصطلح موضوعى
مصطلح موضوعي عرق النسا.
650 04 - المدخل الاضافى بالموضوع-مصطلح موضوعى
مصطلح موضوعي الام الظهر.
650 04 - المدخل الاضافى بالموضوع-مصطلح موضوعى
مصطلح موضوعي الام المفاصل.
650 04 - المدخل الاضافى بالموضوع-مصطلح موضوعى
مصطلح موضوعي سن اليأس.
650 04 - المدخل الاضافى بالموضوع-مصطلح موضوعى
مصطلح موضوعي الانيميا.
650 04 - المدخل الاضافى بالموضوع-مصطلح موضوعى
مصطلح موضوعي التهاب المثانة
942 ## - عناصر المدخل الإضافي( كوها)
مصدر التصنيف او مخطط الترفيف Dewey Decimal Classification
Koha [default] item type كتاب
260 ## - PUBLICATION, DISTRIBUTION, ETC. (IMPRINT)
-- القاهرة :
-- مكتبة الدار العربية للكتاب ،
Holdings
حالة التراجع حالة الفقد حالة تلف ليس للاعارة المكان المؤقت الموقع الحالى تاريخ الاكتساب اجمالي اﻻعارات رقم الطلب الباركود تاريخ اخر مشاهدة تاريخ تفعيل السعر نوع وعاء كوها
        مكتبة القاهرة الكبرى مكتبة القاهرة الكبرى 04/18/2015   618.1\ م ط 160218 04/18/2015 04/18/2015 كتاب

Powered By

EGPV